| 000 | 00417nam a2200121Ia 4500 | ||
|---|---|---|---|
| 008 | 180321s2010 xx 000 0 und d | ||
| 082 | _a346.0172 ECH | ||
| 245 | _aA decade of dedicated services to the children in difficult circumstances, Souvenir 2000-2010 | ||
| 260 |
_aBangalore _bECHO-Centre for Juvenile Justice _c2010 |
||
| 300 | _a86 | ||
| 650 | _aJuvenile justice - children | ||
| 906 | _aReceived on 12.01.2018 | ||
| 999 |
_c110935 _d110935 |
||